| 000 | 01085cam a2200253 i 4500 | ||
|---|---|---|---|
| 003 | SA-RiAUC | ||
| 005 | 20250428061239.0 | ||
| 008 | 250426s1989 ku g 100r0 ara c | ||
| 040 |
_aSA-RiAUC _bara _cSA-RiAUC _erda |
||
| 082 | 0 | 4 | _a252.4 |
| 090 |
_a252.4 _bن د و |
||
| 111 | 2 |
_aندوة قضايا الزكاة المعاصرة _n(1 : _d1988 : _cالقاهرة) |
|
| 245 | 1 | 0 |
_aفتاوى وتوصيات الندوة الأولى لقضايا الزكاة المعاصرة... / _cتنظيم الهيئة الشرعية العالمية للزكاة. |
| 264 | 1 |
_aالكويت : _bبيت الزكاة، _c[1989] |
|
| 300 |
_a45 صفحة ؛ _c21 سم |
||
| 336 |
_aنص _btxt _2rdacontent _3كتاب |
||
| 337 |
_aبدون وسيط _bn _2rdamedia |
||
| 338 |
_aمجلد _bnc _2rdacarrier |
||
| 650 | 7 |
_aالزكاة _vمؤتمرات _2aucsh |
|
| 650 | 7 |
_aالفقه الإسلامي _2aucsh |
|
| 710 | 2 |
_aبيت الزكاة (الكويت). _bالهيئة الشرعية العالمية للزكاة _eمنظم. |
|
| 942 |
_2ddc _cBOOK _n0 |
||
| 949 |
_aSA-JeALM _d250426 _umohamedma123 _n1 |
||
| 999 |
_c7406 _d7406 |
||